000 00280nam a2200121Ia 4500
008 190216s9999||||xx |||||||||||||| ||und||
100 _aBhattacharya S
245 0 _aIndian Income Tax Law And Practice
260 _bNull
_c1982
300 _a933p
650 _aCommerce
942 _cBK
999 _c4884
_d4884